000 00471njm a2200181 i 4500
001 C2-0307004
003 PPAK
005 20180729163350.0
008 101227s2007 xxu|||| ||||| | eng d
040 _aPPAK
_beng
_cPPAK
_erda
245 0 0 _aRoots
264 1 _aUnited States :
_bBBC Audio America ,
_c2007
336 _2rdacontent
_atext
337 _2rdamedia
_aunmediated
338 _2rdacarrier
_avolume
650 1 0 _aAfrican- American- Biography
942 _ddc
_cB
999 _c163863
_d163863